O prodeji často rozhoduje zpětná logistika
Reverzná logistika ako dôležitá súčasť toku tovarov. Nárast online nakupovania a s tým súvisiaci rast významu reverznej logistiky. Logistika vráteného oblečenia a obuvi. Pozitívna reakcia doručovateľov. Vratkový portál. Sklad vráteného tovaru. Dôležitý automatizovaný systém riadenia zásob.
Saved in:
| Main Author: | |
|---|---|
| Format: | Book Chapter |
| Language: | Czech |
| Subjects: | |
| Tags: |
No Tags, Be the first to tag this record!
|
MARC
| LEADER | 00000naa a2200000 4500 | ||
|---|---|---|---|
| 001 | 0245624 | ||
| 005 | 20180620111550.5 | ||
| 041 | 0 | |a cze | |
| 044 | |a CZ | ||
| 245 | 1 | 0 | |a O prodeji často rozhoduje zpětná logistika |c Radek Novotný |
| 520 | |a Reverzná logistika ako dôležitá súčasť toku tovarov. Nárast online nakupovania a s tým súvisiaci rast významu reverznej logistiky. Logistika vráteného oblečenia a obuvi. Pozitívna reakcia doručovateľov. Vratkový portál. Sklad vráteného tovaru. Dôležitý automatizovaný systém riadenia zásob. | ||
| 610 | 2 | 0 | |a logistika reverzná |
| 610 | 2 | 0 | |a obchod elektronický |
| 610 | 2 | 0 | |a tok tovaru |
| 610 | 2 | 0 | |a služby |
| 610 | 2 | 0 | |a distribúcia |
| 610 | 2 | 0 | |a zasielatelia |
| 610 | 2 | 0 | |a systémy riadenia |
| 610 | 2 | 0 | |a náklady |
| 610 | 2 | 0 | |a zásoby |
| 100 | 1 | |a Novotný, Radek | |